000 00449nab a2200145Ia 4500
003 ES-SlBCS
005 20210601134619.0
008 140529s1981 xxu||||| |||| 00| 0 spa d
041 _aspa
100 1 _aBertapelle, Ángel
_9220329
245 0 0 _aProblemática socio-religiosa y Evangelización en Venezuela
_c Ángel Bertapelle
650 0 4 _aEvangelización
_986688
773 0 _tAnthropos
_gvol. 2, nº. 3, 1981, págs. 110-124
_wRev38
942 _cAR
999 _c615284
_d615284